Software engineering (Record no. 178065)

MARC details
000 -LEADER
fixed length control field 00459nam a2200181Ia 4500
008 - FIXED-LENGTH DATA ELEMENTS--GENERAL INFORMATION
fixed length control field 231217s9999 xx 000 0 und d
020 ## - INTERNATIONAL STANDARD BOOK NUMBER
International Standard Book Number 8178080370
041 ## - LANGUAGE CODE
Language code of text/sound track or separate title English
082 ## - DEWEY DECIMAL CLASSIFICATION NUMBER
Classification number 001.6424 SOM;68
100 ## - MAIN ENTRY--PERSONAL NAME
Personal name Sommerville, Ian
245 #0 - TITLE STATEMENT
Title Software engineering
250 ## - EDITION STATEMENT
Edition statement 5th ed.
260 ## - PUBLICATION, DISTRIBUTION, ETC.
Date of publication, distribution, etc. 1996
Name of publisher, distributor, etc. Pearson
Place of publication, distribution, etc. Delhi
300 ## - PHYSICAL DESCRIPTION
Extent xvi+742
400 ## - SERIES STATEMENT/ADDED ENTRY--PERSONAL NAME [OBSOLETE, CAN/MARC], [LOCAL, USA]
Personal name International computer science series
650 ## - SUBJECT ADDED ENTRY--TOPICAL TERM
Topical term or geographic name entry element Software,engineering
942 ## - ADDED ENTRY ELEMENTS (KOHA)
Koha item type Books
Holdings
Date last seen Total checkouts Full call number Accession number Price effective from Category Lost status Damaged status Department Withdrawn status Home library Current library Shelving location Entry date Vendor Grants Billdate Currency symbol Conversion rate Discount Old discount
26/01/2024   001.6424 SOM;68 42890 26/01/2024 Books     Information Science   Central Library Central Library Information Science 08/09/2006 Publisher IS 23/08/2008 RS 1    
26/01/2024   001.6424 SOM;69 42891 26/01/2024 Books     Information Science   Central Library Central Library Central Library 08/09/2006 Publisher IS 23/08/2008 RS 1    

© For any Suggestions or Query, please contact the library staff @ librarian@pes.edu or Phone: +9180 2672 1983/ 2108.